000
00231 a2200097 4500
001
25498
100
_a
Stanfield, F M
245
_a
Hydrostatic bearings for machine tools
260
_a
_b
Machinery Puub Co
_c
090
_c
17222
_d
17222
942
_a
NUST-CAE
_c
M
_c
8028
999
_c
260571
_d
260571